LEADER 01348nam0 2200325 450 001 000021172 005 20080930101031.0 010 $a88-8334-189-9 100 $a20080331d2006----km-y0itaa50------ba 101 0 $aita 102 $aIT 200 1 $aCittą e vita cittadina nei paesi dell'area mediterranea$esecoli 11.-15.$eatti del Convegno Internazionale in onore di Salvatore Tramontana$eAdrano-Bronte-Catania-Palermo, 18-22 novembre 2003$fa cura di Biagio Saitta 210 $aRoma$cViella$dc2006 215 $a831 p.$cill.$d24 cm. 606 1 $aCittą$yPaesi mediterranei$zSec. 11.-15.$jCongressi 676 $a909.09822$v(21. ed.)$9Storia mondiale. Regione mediterranea 702 1$aSaitta,$bBiagio 702 1$aTramontana,$bSalvatore 801 0$aIT$bUniversitą della Basilicata - B.I.A.$gRICA$2unimarc 912 $a000021172 996 $aCitt? e vita cittadina nei paesi dell'area mediterranea$988951 997 $aUNIBAS BAS $aLETTERE CAT $aSTD061$b01$c20080331$lBAS01$h0938 CAT $aSTD061$b01$c20080331$lBAS01$h1026 CAT $aMDL$b00$c20080612$lBAS01$h0955 CAT $aMDL$b30$c20080620$lBAS01$h1037 CAT $aMDL$b30$c20080930$lBAS01$h1010 FMT Z30 -1$lBAS01$LBAS01$mBOOK$1BASA1$APolo Storico-Umanistico$2DID$BDidattica$3FM/107062$6107062$5L107062$820080620$f04$FPrestabile Didattica LEADER 03531nam 22005175 450 001 9910338016503321 005 20200705160532.0 010 $a9781484239605 010 $a1484239601 024 7 $a10.1007/978-1-4842-3960-5 035 $a(CKB)4100000007334868 035 $a(DE-He213)978-1-4842-3960-5 035 $a(MiAaPQ)EBC5626654 035 $a(CaSebORM)9781484239605 035 $a(PPN)232967369 035 $a(OCoLC)1088729740 035 $a(OCoLC)on1088729740 035 $a(EXLCZ)994100000007334868 100 $a20181226d2019 u| 0 101 0 $aeng 135 $aurnn|008mamaa 181 $ctxt$2rdacontent 182 $cc$2rdamedia 183 $acr$2rdacarrier 200 10$aArduino Applied $eComprehensive Projects for Everyday Electronics /$fby Neil Cameron 205 $a1st ed. 2019. 210 1$aBerkeley, CA :$cApress :$cImprint: Apress,$d2019. 215 $a1 online resource (XIX, 552 p. 208 illus., 192 illus. in color.) 225 1 $aTechnology in action 311 08$a9781484239599 311 08$a1484239598 320 $aIncludes bibliographical references. 327 $aChapter 1. Introduction -- Chapter 2. Switches -- Chapter 3. Sensors -- Chapter 4. Liquid crystal display -- Chapter 5. Seven segment LED display -- Chapter 6. Four-digit seven-segment display -- Chapter 7. 8x8 dot matrix display -- Chapter 8. Servo and Stepper motors -- Chapter 9. Rotary encoder -- Chapter 10. Infrared sensor -- Chapter 11. Radio frequency identification -- Chapter 12. Data logging to an SD card -- Chapter 13. Screen displays -- Chapter 14. Sensing colours -- Chapter 15. Camera -- Chapter 16. Bluetooth communication -- Chapter 17. Wireless communication -- Chapter 18. Build Arduino -- Chapter 19. Global navigation satellite system -- Chapter 20. Interrupts and timed events -- Chapter 21. Power saving -- Chapter 22. Sound and square waves -- Chapter 23. DC motors -- Chapter 24. Robot wheels -- Chapter 25. WiFi communication -- Appendix. 330 $aExtend the range of your Arduino skills, incorporate the new developments in both hardware and software, and understand how the electronic applications function in everyday life. This project-based book extends the Arduino Uno starter kits and increases knowledge of microcontrollers in electronic applications. Learn how to build complex Arduino projects, break them down into smaller ones, and then enhance them, thereby broadening your understanding of each topic.You'll use the Arduino Uno in a range of applications such as a blinking LED, route mapping with a mobile GPS system, and uploading information to the internet. You'll also apply the Arduino Uno to sensors, information displays and collections, Bluetooth and wireless communications, digital image captures, route tracking with GPS, controlling motors, color and sound, building robots, and internet access. With Arduino Applied, prior knowledge of electronics is not required, as each topic is described and illustrated with examples using the Arduino Uno. 606 $aComputer input-output equipment 606 $aHardware and Maker$3https://scigraph.springernature.com/ontologies/product-market-codes/I29010 615 0$aComputer input-output equipment. 615 14$aHardware and Maker. 676 $a004 700 $aCameron$b Neil$4aut$4http://id.loc.gov/vocabulary/relators/aut$0613678 801 0$bUMI 801 1$bUMI 906 $aBOOK 912 $a9910338016503321 996 $aArduino Applied$92494413 997 $aUNINA